000
00315 a2200145 4500
001
180119
020
_a
040
_c
Magnum
100
_a
Gomide, Julio Borges
240
1
0
_a
Jonas, o macaquinho
_l
por
245
1
0
_a
Jonas, o macaquinho
362
0
_a
1899
697
_a
MAGNITO: IJ/FADAS, FANTASIA
942
_c
BK
999
_c
180119
_d
180119